000 01327nam a22002777a 4500
003 OSt
005 20250320234852.0
008 250307b ||||| |||| 00| 0 eng d
040 _bEnglish.
_cCvSU-CCAT Campus Library.
_erda.
050 _aUM LB 2350
_bO23 2009
100 _aOcampo, Orlando Jr. G., author.
_914763
245 _aPerceptions on the effects and extent of participation in-campus organization activities on the academic performance of students of Cavite State University-Rosario /
_cOrlando G. Ocampo Jr., Juddielene M. Caceres,Manelyn G. Ilagan.
260 _aRosario, Cavite :
_bCavite State University-CCAT Campus,
_c2009
300 _axvii, 37 leaves :
_billustrations ;
_c28 cm
500 _aUndergraduate Thesis (BSIE) -- Cavite State University-CCAT Campus, 2009.
504 _aIncludes bibliographical references and appendices.
546 _aIn English text
650 _aCampus organization activities -- Cavite State University - Rosario.
_915305
650 _aStudent academic performance.
_915306
650 _aStudent perceptions.
_915219
700 _aCaceres, Juddielene M., author.
_914764
710 _aIlagan, Manelyn G., author.
_914765
711 _aBerbie, Lucila C., adviser.
_914766
942 _2lcc
_cT/M/D
_kUM
_hLB 2350 O23 2009
999 _c3923
_d3923